000 00615nam a2200205Ia 4500
003 GCL
008 140319s9999 xx 000 0 ara d
040 _aGCL /
_cGCL
082 0 4 _a692.5
_bج د
100 1 _aحسين محمد جمعة
245 1 0 _aدليل مهندسى المبانى /
_cحسين محمد جمعة
260 _a[S.N] :
_bلجنة الاعلام والدراسات المستقبلية ،
_c1994
300 _a263 ص
490 _a
650 0 4 _aالانشاءات
650 0 4 _aالاختبارات
650 0 4 _aالبناء
650 0 4 _aعقود ومواصفات
942 _2ddc
_cBK
999 _c30176
_d30176